Tài liệu hướng dẫn tăng cường năng lực sư phạm cho giảng viên các trường đào tạo giáo viên trung học phổ thông và trung cấp chuyên nghiệp
Một số cơ sở then chốt về hoạt động dạy và học. Trình bày các phương pháp luận, kĩ năng, phương pháp thu hút học viên tham gia quá trình học tập, công tác đánh giá và học tập, các phương tiện hỗ trợ giảng dạy và việc học tập
সংরক্ষণ করুন:
| অন্যান্য লেখক: | , , , , |
|---|---|
| বিন্যাস: | গ্রন্থ |
| ভাষা: | Vietnamese |
| প্রকাশিত: |
H.
Giáo dục
2012
|
| সংস্করন: | Tái bản lần thứ 1 |
| বিষয়গুলি: | |
| ট্যাগগুলো: |
ট্যাগ যুক্ত করুন
কোনো ট্যাগ নেই, প্রথমজন হিসাবে ট্যাগ করুন!
|
| Thư viện lưu trữ: | Mạng thư viện Đại học Đà Nẵng |
|---|
| LEADER | 01826aam a22004218a 4500 | ||
|---|---|---|---|
| 001 | 000016682 | ||
| 003 | 13085 | ||
| 005 | 20121204091221.0 | ||
| 008 | 121204s2012 viesd | ||
| 020 | |d 1530b | ||
| 041 | 0 | |a vie | |
| 082 | 1 | 4 | |2 14 |a 373.11 |b Tai |
| 245 | 0 | 0 | |a Tài liệu hướng dẫn tăng cường năng lực sư phạm cho giảng viên các trường đào tạo giáo viên trung học phổ thông và trung cấp chuyên nghiệp |c B.s.: Vũ Quốc Chung, Nguyễn Văn Khải, Cary J. Trexler... |
| 250 | |a Tái bản lần thứ 1 | ||
| 260 | |a H. |b Giáo dục |c 2012 | ||
| 300 | |a 279 tr. |b minh hoạ |c 27 cm. | ||
| 504 | |a Thư mục: tr. 272-275 | ||
| 520 | |a Một số cơ sở then chốt về hoạt động dạy và học. Trình bày các phương pháp luận, kĩ năng, phương pháp thu hút học viên tham gia quá trình học tập, công tác đánh giá và học tập, các phương tiện hỗ trợ giảng dạy và việc học tập | ||
| 650 | 7 | |2 Bộ TK TVQG |a Giáo dục | |
| 650 | 7 | |2 Bộ TK TVQG | |
| 650 | 7 | |2 Bộ TK TVQG | |
| 650 | 7 | |2 Bộ TK TVQG | |
| 655 | 7 | |2 Bộ TK TVQG |a Tài liệu hướng dẫn | |
| 700 | 1 | |a Nguyễn Văn Khải |e b.s. | |
| 700 | 1 | |a Trexler, Cary J. |e b.s. | |
| 700 | 1 | |a Vũ Quốc Chung |e b.s. | |
| 700 | 1 | |a Cameron, James |e b.s. | |
| 700 | 1 | |a Denny, John Timothy |e b.s. | |
| OWN | |a LSP | ||
| AVA | |a UDN50 |b LSP |d 373.11 Tai |e available |t Error 5001 Not defined in file expand_doc_bib_avail. |f 4 |g 0 |h N |i 0 |k 1 | ||
| 999 | |a From the UDN01 | ||
| AVA | |a UDN50 |b LSP |d 373.11 Tai |e available |t Error 5001 Not defined in file expand_doc_bib_avail. |f 4 |g 0 |h N |i 0 |k 1 | ||
| TYP | |a Monograph | ||
| TYP | |a Printed language | ||
| 980 | |a Mạng thư viện Đại học Đà Nẵng | ||